| 000 | 00911 a2200205 4500 | ||
|---|---|---|---|
| 003 | NUST | ||
| 005 | 20251203174617.0 | ||
| 040 | _cNust | ||
| 082 | _a621.382,NAW | ||
| 100 |
_aNawaz, Muhammad Ul Husnain (TE-46 / TCC-22) _9131509 |
||
| 110 |
_aCapt Haif Qaisar Islam _9131510 |
||
| 245 |
_aIntegrated security system / _bMuhammad Ul Husnain Nawaz, Capt Hafiz Qaisar Islam and PC Hira Shahid TE-46 / TCC-22 |
||
| 260 |
_aRawalpindi _bMCS (NUST) _c2013 |
||
| 300 | _axiii,90 p.; | ||
| 505 | _aIntroduction (Page-1), Literature Review (Page-4), Section of Algorithms (Page-20), Project Layout (Page-24), Hardware and Software Specifications (Page-27), Development of the Project (Page-35), future Research and Conclusion (Page-55), Bibliography (Page-58). | ||
| 650 |
_aUG Project _9131132 |
||
| 651 |
_aTE-46 / TCC-22 _9131511 |
||
| 700 |
_aSupervised by Asst Prof Dr. Safia Akram _9132193 |
||
| 942 |
_cPR _2ddc |
||
| 999 |
_c210866 _d210866 |
||